1900 1430 1972 1580 1898 1721 1257 1610 1925 1730 1446 1068 1207 1397 1534 1093 1901 1874 1338 1743 1049 1328 1356 1296 1314 1316 1496 1845 1837 1851 1868 1803 1466 1640 1130 1041 1847 1486 1306 1484 1809 1381 1183 1007 1468 1390 1802 1103 1870 1073 1125 1179 1483 1174 1448 1410 1458 1561 1017 1662 1426 1821 1243 1496 1667 1112 1683 1765 1958 1956 1598 1663 1157 1698 1792 1660 1410 1445 1404 1767 1510 1864 1171 1358 1567 1535 1680 1221 1422 1011 1278 1430 1151 1342 1816 1627 1988 1518 1117 BCNSPRNW ULIB Ver.6.0+V

เปลี่ยนเป็นภาษาไทย

Change to English
 แสดงรายละเอียดบรรณานุกรม
  กลับหน้าหลัก

Brief Record : Get Marc (ISO 2709) : E-mail record : QR code < ปิดหน้าต่าง
LEADER : 00000nam 2200000uu 4500
001    13399122745
003     ULIB
008    130911s2552||||th 000 0 tha d
020    ^a9786117070204 (ล.5)
050  4 ^aH62^bส786ว ล.5
100 0  ^aสุธีระ ประเสริฐสรรพ์
245 10 ^aวิจัยใน--จินตนาการ เล่มที่ 5 /^cสุธีระ ประเสริฐสรรพ์
246 30 ^aวิจัยใน...จินตนาการ เล่ม 5
250    ^aพิมพ์ครั้งที่ 1
260    ^aกรุงเทพฯ :^bสำนักงานกองทุนสนับสนุนการวิจัย (สกว.),^c2552
300    ^a5 เล่ม :^bภาพประกอบ ;^c24 ซม.
650  7 ^aการวิจัย
650  7 ^aการศึกษา
650  7 ^aการเรียนรู้
710 2  ^aสำนักงานกองทุนสนับสนุนการวิจัย
740 0  ^aวิจัยใน...ความคิด : เล่มที่ 1
740 0  ^aหลักคิด...การวิจัย : เล่มที่ 2
740 0  ^aวิจัย...เรื่องใกล้ตัว : เล่มที่ 3
740 0  ^aเรียนรู้คู่วิจัย : เล่มที่ 4
740 0  ^aวิจัยใน...จินตนาการ : เล่มที่ 5
945    ^p70^l0^i026437
999    ^aเกษร โพธิ์สุวรรณ
รายการนี้ยังไม่มีแท็ก
คุณยังไม่ได้ล็อกอิน คุณสามารถมีกิจกรรมร่วมกับเว็บไซต์ได้ แต่ต้องล็อกอินก่อน ::
  ล็อกอิน

รายการสื่อสารสนเทศ

ลำดับที่ ประเภท เลขเรียก/บาร์โค้ด สถานที่ สถานะ
1. การศึกษาทั่วไป
การศึกษาทั่วไป
H62 ส786ว ล.5  
  Barcode: 026437
ห้องสมุดวิทยาเขตสวรรค์ประชารักษ์
►หนังสือทั่วไป
บนชั้น

รายการใกล้เคียง
    ผู้แต่ง [สุธีระ ประเสริฐสรรพ์]

    หัวเรื่อง [การวิจัย]
    หัวเรื่อง [การศึกษา]
    หัวเรื่อง [การเรียนรู้]

BibComment


ยังไม่เคยถูกคอมเมนท์

คอมเมนท์ทรัพยากรรายการนี้
  คอมเมนท์: วิจัยในจินตนาการ..


 Copyright 2026. Bcnsprnw @Library